Statistics for American Horror Story: Asylum Quiz

Click here to take the quiz!

General Stats

  • This quiz has been taken 72 times
  • The average score is 9 of 15

Answer Stats

QuestionAnswer% Correct
Who is Bloodyface?Oliver Thredson
91%
What is Sister Mary Eunice possessed by?Devil
89%
Who is accused of being Bloodyface?Kit Walker
88%
What creatures are interested in Kit Walker?Aliens
84%
Who does Charlotte think she is?Anne Frank
75%
What holiday does Sister Jude forbid Leigh Emerson to attend?Christmas
74%
What is Dr. Arthur Arden's real name?Hans Gruper
67%
What state is Briarcliff located?Massachusetts
51%
What is Oliver Thredson's occupation?Psychiatrist
51%
What is the name of Lana Winter's lover?Wendy
49%
Who kills Shelley?Monsignor Howard
42%
What is the name of Lana Winter's son?Johnny
40%
What is the name of Lana Winter's book?Maniac
39%
What are the names of the couple on their honeymoon in Briarcliff?Teresa and Leo
23%
What did Briarcliff serve as before it was turned into an asylum?Tuberculosis ward
16%

Score Distribution

Percentile by Number Answered

Percent of People with Each Score

Your Score History

You have not taken this quiz